| 000 | 00861cam a22002531 4500 | ||
|---|---|---|---|
| 001 | sa 68012840 | ||
| 003 | DLC | ||
| 005 | 20260227112616.0 | ||
| 008 | 760211s1967 nyuabce b 001 0 eng | ||
| 010 | _asa 68012840 | ||
| 035 | _a(OCoLC)1983780 | ||
| 040 |
_aDLC _cFJUNF _dDLC |
||
| 042 | _apremarc | ||
| 050 | 0 | 0 |
_aDS486.G6 _bS5 1967 |
| 082 | _a954/.84/0250924 | ||
| 100 | 1 | _aSherwani, Haroon Khan. | |
| 245 | 1 | 0 |
_aMuhammad-Quli Qutb Shah, founder of Haidarabad _c[by] H. K. Sherwani. |
| 260 |
_aBombay _aNew York, _bAsia Pub. House, _c[c1967] |
||
| 300 |
_axii, 150 p. _billus., plans (part fold.), ports. _c22 cm. |
||
| 440 | 0 |
_aAsia monographs, _vno. 11 |
|
| 504 | _aBibliographical references included in the list of abbreviations: p. [xi]-xii. | ||
| 600 | 0 | 0 |
_aMuhammad Quli Qutb Shah, _cSultan of Golkunda, _d1565-1612. |
| 651 | 0 | _aHyderabad (India) | |
| 999 |
_c84777 _d84777 |
||